000 00593nam a2200217Ii 4500
001 5641
003 CO-ViMGA
008 241108s9999||||xx |||||||||||||| ||und||
020 _a8433900013
040 _aCO-ViMGA
_bspa
_erda
_cCO-ViMGA
041 0 _aspa
082 0 4 _a834.912 E692d
100 1 _aHans Magnus Enzensberger
_947629
245 1 0 _aDetalles
264 1 _aMadrid, EspaƱa : Anagrama, 1985
300 _avolumen
336 _atext
_btxt
_2rdacontent
337 _aunmediated
_bn
_2rdamedia
338 _avolume
_bnc
_2rdacarrier
940 _aidficha_siabuc: 5495. -- ficha_no_siabuc:5641
999 _c42230
_d42230